[Event "Kragero Resort A 2020"]
[Site "Kragero"]
[Date "2020.02.20"]
[Round "4.21"]
[White "Tryggestad, Andreas Garberg"]
[Black "Unneland, Mathias"]
[Result "1-0"]
[WhiteElo "2380"]
[BlackElo "2175"]
[Annotator "NA"]
[PlyCount "65"]
[EventDate "2020.02.19"]
[EventType "swiss"]
[EventCountry "NOR"]
[SourceTitle "playchess.com"]
[Source "ChessBase"]
[SourceQuality "1"]
[TimeControl "5400+30"]

1. e4 {[%emt 0:00:00]} c5 {[%emt 0:00:00]} 2. Nf3 {[%emt 0:00:00]} Nc6 {[%emt 0:00:00]} 3. c3 {[%emt 0:00:00]} Nf6 {[%emt 0:00:10]} 4. e5 {[%emt 0:00:00]} Nd5 {[%emt 0:00:14]} 5. Bc4 {[%emt 0:00:00]} Nb6 {[%emt 0:00:25]} 6. Bb3 {[%emt 0:00:00]} d5 {[%emt 0:00:27]} 7. exd6 {[%emt 0:00:08]} c4 {[%emt 0:00:07]} 8. Bc2 {[%emt 0:00:19]} Qxd6 {[%emt 0:00:07]} 9. O-O {[%emt 0:00:24]} Bg4 {[%emt 0:00:07]} 10. Qe2 {[%emt 0:01:16]} O-O-O {[%emt 0:05:43]} 11. b3 {[%emt 0:00:58]} Qf6 {[%emt 0:03:12]} 12. Be4 {[%emt 0:08:37]} Ne5 {[%emt 0:01:37]} 13. Bxb7+ {[%emt 0:00:18]} Kxb7 {[%emt 0:00:07]} 14. Qxe5 {[%emt 0:00:57]} Bxf3 {[%emt 0:00:07]} 15. Qxf6 {[%emt 0:00:02]} gxf6 {[%emt 0:00:11]} 16. gxf3 {[%emt 0:00:06]} Rd3 {[%emt 0:03:23]} 17. Re1 {[%emt 0:00:45]} Rg8+ {[%emt 0:02:30]} 18. Kf1 {[%emt 0:00:06]} Rxf3 {[%emt 0:00:38]} 19. Na3 {[%emt 0:00:27]} cxb3 {[%emt 0:00:45]} 20. axb3 {[%emt 0:00:05]} Rh3 {[%emt 0:03:54]} 21. Nc4 {[%emt 0:34:57]} Nxc4 {[%emt 0:04:33]} 22. bxc4 {[%emt 0:00:02]} Rxh2 {[%emt 0:00:30]} 23. Ke2 {[%emt 0:01:47]} e6 {[%emt 0:01:31]} 24. d3 {[%emt 0:00:09]} Bh6 {[%emt 0:11:33]} 25. Ba3 {[%emt 0:08:32]} Rh5 {[%emt 0:08:40]} 26. Reb1+ {[%emt 0:01:38]} Ka8 {[%emt 0:02:12]} 27. Bd6 {[%emt 0:00:13]} Rf5 {[%emt 0:00:26]} 28. Ra2 {[%emt 0:05:27]} Bf4 {[%emt 0:03:21]} 29. Rba1 {[%emt 0:00:21]} Bxd6 {[%emt 0:01:12]} 30. Rxa7+ {[%emt 0:00:03]} Kb8 {[%emt 0:00:10]} 31. Ra8+ {[%emt 0:00:02]} Kb7 {[%emt 0:00:24]} 32. Rxg8 {[%emt 0:00:05]} h5 {[%emt 0:00:21]} 33. Rg7 {[%emt 0:00:27]} 1-0

[Event "Kragero Resort A 2020"]
[Site "Kragero"]
[Date "2020.02.20"]
[Round "4.22"]
[White "Kvaloy, Aksel Bu"]
[Black "Mikalsen, Erlend"]
[Result "0-1"]
[WhiteElo "2174"]
[BlackElo "2364"]
[Annotator "NA"]
[PlyCount "46"]
[EventDate "2020.02.19"]
[EventType "swiss"]
[EventCountry "NOR"]
[SourceTitle "playchess.com"]
[Source "ChessBase"]
[SourceQuality "1"]
[TimeControl "5400+30"]

1. e4 {[%emt 0:00:00]} c5 {[%emt 0:00:04]} 2. Nf3 {[%emt 0:00:00]} d6 {[%emt 0:00:02]} 3. Bb5+ {[%emt 0:00:00]} Nd7 {[%emt 0:00:04]} 4. Ba4 {[%emt 0:00:08]} Ngf6 {[%emt 0:00:05]} 5. O-O {[%emt 0:00:26]} e6 {[%emt 0:00:02]} 6. d4 {[%emt 0:03:14]} Nxe4 {[%emt 0:04:58]} 7. Qe2 {[%emt 0:02:04]} Nef6 {[%emt 0:03:04]} 8. dxc5 {[%emt 0:02:35]} dxc5 {[%emt 0:04:23]} 9. Ne5 {[%emt 0:01:08]} Bd6 {[%emt 0:01:26]} 10. Bf4 {[%emt 0:02:31]} Bxe5 {[%emt 0:02:00]} 11. Bxe5 {[%emt 0:00:25]} Qa5 {[%emt 0:00:38]} 12. Nc3 {[%emt 0:03:02]} a6 {[%emt 0:00:07]} 13. Qf3 {[%emt 0:05:32]} O-O {[%emt 0:03:57]} 14. Bd6 {[%emt 0:02:27]} Re8 {[%emt 0:00:08]} 15. Rfe1 {[%emt 0:16:17]} b5 {[%emt 0:06:49]} 16. b4 {[%emt 0:27:14]} cxb4 {[%emt 0:00:34]} 17. Ne4 {[%emt 0:00:40]} Bb7 {[%emt 0:02:09]} 18. Nxf6+ {[%emt 0:01:30]} Nxf6 {[%emt 0:00:06]} 19. Qxb7 {[%emt 0:00:33]} Qxa4 {[%emt 0:00:31]} 20. Re3 {[%emt 0:04:40]} Qxc2 {[%emt 0:01:10]} 21. Rf1 {[%emt 0:01:03]} Qxa2 {[%emt 0:01:11]} 22. Rg3 {[%emt 0:00:39]} Qd5 {[%emt 0:00:19]} 23. Qb6 {[%emt 0:00:56]} Ne4 {[%emt 0:00:21]} 0-1

[Event "Kragero Resort A 2020"]
[Site "Kragero"]
[Date "2020.02.20"]
[Round "4.23"]
[White "Stanford, Maxim Barth"]
[Black "Krivenko, Dion"]
[Result "1-0"]
[WhiteElo "2339"]
[BlackElo "1935"]
[Annotator "RC"]
[PlyCount "107"]
[EventDate "2020.02.19"]
[EventType "swiss"]
[EventCountry "NOR"]
[SourceTitle "playchess.com"]
[Source "ChessBase"]
[SourceQuality "1"]
[TimeControl "5400+30"]

1. d4 {[%emt 0:00:44]} Nf6 {[%emt 0:00:00]} 2. Bg5 {[%emt 0:00:16]} Ne4 {[%emt 0:00:00]} 3. Bf4 {[%emt 0:00:08]} d5 {[%emt 0:00:28]} 4. f3 {[%emt 0:00:42]} Nf6 {[%emt 0:01:02]} 5. e3 {[%emt 0:02:07]} e6 {[%emt 0:01:10]} 6. Bd3 {[%emt 0:01:19]} c5 {[%emt 0:00:25]} 7. c3 {[%emt 0:00:40]} Nc6 {[%emt 0:02:28]} 8. Ne2 {[%emt 0:01:18]} Be7 {[%emt 0:02:44]} 9. Nd2 {[%emt 0:01:15]} Nh5 {[%emt 0:02:01]} 10. Bg3 {[%emt 0:03:39]} Nxg3 {[%emt 0:02:07]} 11. hxg3 {[%emt 0:00:40]} h6 {[%emt 0:00:39]} 12. f4 {[%emt 0:00:32]} cxd4 {[%emt 0:03:13]} 13. exd4 {[%emt 0:00:33]} Qb6 {[%emt 0:03:40]} 14. Rb1 {[%emt 0:05:02]} Bd7 {[%emt 0:01:46]} 15. b4 {[%emt 0:02:01]} Bd6 {[%emt 0:08:34]} 16. Nf3 {[%emt 0:03:23]} Ne7 {[%emt 0:03:24]} 17. Ne5 {[%emt 0:06:00]} Bb5 {[%emt 0:06:25]} 18. a4 {[%emt 0:01:01]} Bxd3 {[%emt 0:00:05]} 19. Qxd3 {[%emt 0:00:05]} Qc7 {[%emt 0:05:02]} 20. Qb5+ {[%emt 0:10:16]} Nc6 {[%emt 0:01:54]} 21. a5 {[%emt 0:02:00]} a6 {[%emt 0:02:35]} 22. Qd3 {[%emt 0:00:39]} Bxe5 {[%emt 0:01:29]} 23. fxe5 {[%emt 0:00:22]} Ne7 {[%emt 0:01:33]} 24. O-O {[%emt 0:01:27]} h5 {[%emt 0:04:51]} 25. Rf3 {[%emt 0:02:34]} Nf5 {[%emt 0:05:36]} 26. Nc1 {[%emt 0:02:23]} g5 {[%emt 0:07:58]} 27. Nb3 {[%emt 0:01:51]} g4 {[%emt 0:01:34]} 28. Rxf5 {[%emt 0:08:12]} exf5 {[%emt 0:00:19]} 29. Rf1 {[%emt 0:01:10]} Rf8 {[%emt 0:16:26]} 30. Nc5 {[%emt 0:05:57]} O-O-O {[%emt 0:02:08]} 31. Qxf5+ {[%emt 0:00:38]} Kb8 {[%emt 0:00:01]} 32. Qxh5 {[%emt 0:01:01]} Qe7 {[%emt 0:04:09]} 33. Rf6 {[%emt 0:03:07]} Ka8 {[%emt 0:01:34]} 34. Qxg4 {[%emt 0:04:31]} Rg8 {[%emt 0:00:23]} 35. Qf3 {[%emt 0:00:22]} Rg6 {[%emt 0:03:30]} 36. Rxf7 {[%emt 0:08:14]} Qg5 {[%emt 0:00:18]} 37. Rf4 {[%emt 0:00:05]} Qxg3 {[%emt 0:01:59]} 38. Qxg3 {[%emt 0:00:27]} Rxg3 {[%emt 0:00:01]} 39. Rf3 {[%emt 0:00:32]} Rg6 {[%emt 0:01:37]} 40. Kf2 {[%emt 0:01:05]} Rdg8 {[%emt 0:01:07]} 41. g3 {[%emt 0:00:14]} Rh8 {[%emt 0:00:01]} 42. e6 {[%emt 0:01:46]} Rg7 {[%emt 0:02:36]} 43. Kg2 {[%emt 0:02:12]} Rhg8 {[%emt 0:00:50]} 44. Nd3 {[%emt 0:00:49]} Re7 {[%emt 0:01:13]} 45. Nf4 {[%emt 0:00:07]} Kb8 {[%emt 0:00:28]} 46. Re3 {[%emt 0:00:13]} Rd8 {[%emt 0:00:50]} 47. Re5 {[%emt 0:00:22]} Rd6 {[%emt 0:00:13]} 48. g4 {[%emt 0:00:50]} Rc6 {[%emt 0:00:56]} 49. g5 {[%emt 0:01:12]} Rxc3 {[%emt 0:00:28]} 50. Nxd5 {[%emt 0:00:29]} Rc2+ {[%emt 0:00:01]} 51. Kg3 {[%emt 0:00:11]} Re8 {[%emt 0:00:16]} 52. e7 {[%emt 0:00:13]} Rc1 {[%emt 0:00:31]} 53. Nf6 {[%emt 0:00:36]} Rg1+ {[%emt 0:00:04]} 54. Kf2 {[%emt 0:00:12]} 1-0

[Event "Kragero Resort A 2020"]
[Site "Kragero"]
[Date "2020.02.20"]
[Round "4.24"]
[White "Vitenberg, Noam Aviv"]
[Black "Tumanyan, Simon H."]
[Result "1-0"]
[WhiteElo "2276"]
[BlackElo "1881"]
[Annotator "TA"]
[PlyCount "195"]
[EventDate "2020.02.19"]
[EventType "swiss"]
[EventCountry "NOR"]
[SourceTitle "playchess.com"]
[Source "ChessBase"]
[SourceQuality "1"]

{[%evp 14,195,21,21,34,21,23,20,37,39,54,49,46,2,8,9,120,15,24,25,45,27,29,18,91,91,91,89,84,84,84,84,84,84,85,78,107,117,129,91,89,118,109,105,102,95,132,136,130,56,133,123,141,133,218,184,295,281,293,210,211,200,206,207,200,196,233,235,238,233,246,247,261,256,263,263,260,260,280,271,265,245,335,335,320,293,385,387,417,396,458,472,433,411,387,326,322,297,248,0,310,300,324,324,499,499,457,369,431,413,392,395,393,392,392,392,392,392,391,391,391,377,342,298,29945,29947,29945,29947,29948,29950,29949,29950,29955,29957,29957,29953,12623,11865,29964,29965,29965,29962,29964,210,229,0,29965,29966,29965,29965,29966,29967,29967,0,29967,29968,29968,29968,29968,29963,29963,29964,29963,0,29961,0,29967,0,29963,29963,29950,12668,29970,29971,29970,29971,29973,29970,29982,29969,29985,29986,29986,29987]} 1. Nf3 d5 2. c4 c6 3. e3 Nf6 4. Nc3 g6 5. d4 Bg7 6. Bd3 O-O 7. Qc2 a6 8. O-O Nbd7 {D10: Slav Defence: 3 cxd5 (without early Nf3) and 3 Nc3.} 9. b3 {is the legacy move (9.cxd5).} b5 10. Bb2 bxc4 {The position is equal.} 11. bxc4 dxc4 12. Bxc4 c5 13. Rfd1 cxd4 14. Nxd4 {[#]} Qc7 $146 (14... Bb7 $11) ({Predecessor:} 14... Bb7 15. Rab1 Qc7 16. Na4 Rac8 17. Rdc1 Be4 18. Bd3 Qxc2 19. Bxc2 Bxc2 20. Rxc2 Rxc2 21. Nxc2 {0-1 (64) Nachev,S (2325)-Koziak,V (2483) Voronezh 1999}) 15. Qe2 ({White should try} 15. Na4 $16 Kh8 16. Rac1) 15... Ne5 16. Bb3 Neg4 17. Nf3 Bb7 18. h3 $36 {[%mdl 2048] Black is under pressure.} Ne5 (18... Bxf3 $1 $11 {remains equal.} 19. Qxf3 Qh2+ 20. Kf1 Ne5) 19. Nxe5 $16 Qxe5 20. Nd5 $1 Qg5 {[%cal Rb7d5]} 21. f4 $1 (21. Nxe7+ $6 Kh8 $11) 21... Qg3 22. Nxe7+ Kh8 23. Nd5 Bxd5 24. Bxd5 Rab8 {Strongly threatening ...Rxb2!} 25. Bb3 Rfe8 26. Be5 ({But not} 26. Bxf7 $2 Rxb2 $1 {[%mdl 512]} 27. Rd2 (27. Qxb2 $2 Ng4 $19 {[%mdl 64] Discovered Attack}) 27... Rxd2 $19) 26... Rxe5 27. fxe5 Qxe5 28. Rac1 ({Don't go for} 28. Qxa6 $2 Qxe3+ 29. Kh1 Ne4 $19) 28... Bh6 29. Rd3 ({Wrong is} 29. Bxf7 $2 Bxe3+ 30. Kh1 Nh5 $19) 29... Re8 {[%cal Rh6e3]} 30. Re1 $1 Kg7 31. Qf3 (31. Qd2 $16) 31... Re7 ({Black should play} 31... Bf4 $14) 32. g3 $1 Ne4 {[#]} 33. Kg2 $1 Ng5 {[#]} (33... f5 $16 34. g4 fxg4 35. hxg4 Nf6) 34. Qd5 $1 $18 {[%cal Rd5e5] Threatens to win with Qxe5+.} Qb8 (34... Qe4+ {might work better.} 35. Qxe4 Nxe4) 35. Rf1 Ne6 36. Qd6 Qxd6 37. Rxd6 {Bxe6 is the strong threat.} Nc5 38. Rdf6 {[%cal Rf6f7]} Nxb3 39. axb3 {[%mdl 4096] Endgame KRR-KRB} a5 40. e4 Bg5 41. Ra6 Bd2 42. Rd1 Bc3 43. Rc6 Bb4 44. Kf3 Ra7 45. Rc4 Kf6 46. Rd5 Rb7 47. e5+ Kf5 48. g4+ Ke6 49. Ke4 Rb6 50. Rc8 f6 51. exf6 Kxf6 52. g5+ Ke6 53. Re8+ Kf7 54. Ree5 Rb7 55. Rb5 Rd7 56. Rbd5 $2 (56. h4 $18) 56... Rc7 $2 {[%mdl 8192]} (56... Rb7 $1 $11 {and Black has nothing to worry.} 57. Kf3 Kg7) 57. Rd3 Rb7 58. Red5 Re7+ (58... Ke8 $142 59. Rf3 Rc7) 59. Kf4 Re1 60. Rd7+ Be7 61. Re3 Rxe3 62. Kxe3 {KR-KB} Ke6 63. Rb7 Bxg5+ 64. Ke4 h5 65. Rb6+ Kf7 66. Ke5 Kg7 67. Ke6 Bd2 68. Ra6 h4 $2 (68... Kh6 $18 69. Kf7 Kg5 70. Rxg6+ Kh4) 69. Ra7+ Kh6 70. Kf7 Kg5 71. Ra6 Kf4 72. Rxg6 Ke3 73. Rd6 Bb4 74. Rd5 Ke4 75. Ke6 Kf3 76. Kf5 Be1 77. Re5 Bc3 78. Rc5 $2 (78. Re4 {mates} Bf6 79. Rc4 Be7 80. Rd4 Kg3 81. Rd3+ Kf2 82. Kg4 Ke2 83. Rd5) 78... Bb4 79. Rd5 $2 (79. Rc2 $18) 79... Be1 $1 80. Kg5 Ke4 81. Rd1 Bf2 82. Ra1 Bb6 83. Rd1 Bf2 84. Kg4 Bg3 85. Rd7 Bf2 86. Rd8 Bd4 87. Ra8 Bc3 88. Rd8 Bd4 $1 89. Rd7 Bf2 $1 90. Rd1 Bg3 $1 91. Ra1 Bc7 92. Kxh4 Kd3 93. Rc1 {White mates.} Be5 94. Kg4 Bb2 95. Rc5 Bc3 96. h4 Kc2 97. h5 Kxb3 {[#]} 98. Rxc3+ $1 {[%mdl 576] Promotion. Accuracy: White = 86%, Black = 66%.} 1-0

[Event "Kragero Resort A 2020"]
[Site "Kragero"]
[Date "2020.02.20"]
[Round "4.25"]
[White "Digernes, Magnus"]
[Black "Sgircea, Silvia-Raluca"]
[Result "1/2-1/2"]
[WhiteElo "2017"]
[BlackElo "2275"]
[Annotator "TA"]
[PlyCount "51"]
[EventDate "2020.02.19"]
[EventType "swiss"]
[EventCountry "NOR"]
[SourceTitle "playchess.com"]
[Source "ChessBase"]
[SourceQuality "1"]

{[%evp 22,51,0,0,26,0,29,-15,-13,-8,25,17,35,18,17,18,33,0,27,25,41,26,29,22,54,43,26,29,62,68,104,70]} 1. d4 d5 2. c4 dxc4 3. e3 Nf6 4. Bxc4 e6 5. Nf3 a6 6. O-O c5 7. a4 Qc7 8. Qe2 Nc6 9. Nc3 Be7 10. dxc5 Bxc5 11. e4 {11.Bd2 is more fashionable.} Ng4 12. g3 Nge5 {D27: Queen's Gambit Accepted: Classical main line: 7 e4!? and 7 a4.} 13. Bf4 O-O {[#]} 14. Kg2 $146 ({Predecessor:} 14. Nxe5 Nxe5 15. Rac1 Bd4 16. Ba2 Qb6 17. Rfd1 Ng6 18. Bc7 Qxc7 19. Rxd4 Ne5 20. Qe3 Bd7 21. Rdd1 {½-½ (37) Nguyen,A (2465)-Prasad,D (2450) Dhaka 1997}) 14... Bd6 {The position is equal.} 15. Nxe5 Nxe5 16. Ba2 b6 17. Rac1 {And now Nb5 would win.} Qe7 18. Rfd1 Bb7 19. Qh5 f6 20. Rd2 Nf7 21. Rcd1 $36 {[%mdl 2048] White has good play.} Rad8 22. Be3 Bc7 23. Kg1 Rxd2 24. Rxd2 Rd8 25. Rxd8+ Nxd8 26. Qd1 {Accuracy: White = 66%, Black = 57%.} 1/2-1/2

[Event "Kragero Resort A 2020"]
[Site "Kragero"]
[Date "2020.02.20"]
[Round "4.26"]
[White "Van Dael, Siem"]
[Black "Kizatbay, Abyl"]
[Result "1/2-1/2"]
[WhiteElo "2257"]
[BlackElo "2142"]
[Annotator "TA"]
[PlyCount "100"]
[EventDate "2020.02.19"]
[EventType "swiss"]
[EventCountry "NOR"]
[SourceTitle "playchess.com"]
[Source "ChessBase"]
[SourceQuality "1"]

{[%evp 9,100,-15,-9,-13,-16,-23,-8,-10,0,0,9,-17,-27,-26,-33,-25,-36,-44,-35,-211,-200,-169,-89,-75,-66,-77,33,29,39,28,45,29,31,24,175,164,150,166,153,158,316,309,385,369,437,431,433,181,256,240,208,139,138,132,142,138,160,152,214,211,209,163,402,362,538,565,508,180,237,235,183,20,523,39,21,18,22,8,8,8,7,4,34,35,56,23,22,0,0,0,0,0,0]} 1. c3 Nf6 2. c4 c5 3. Nf3 g6 4. g3 Bg7 5. Bg2 {[#]} O-O $146 ({Predecessor:} 5... d5 6. cxd5 Nxd5 7. Nc3 Nc6 8. Qb3 Ndb4 9. O-O O-O 10. d3 Be6 11. Qd1 c4 12. a3 Nd5 13. Ng5 cxd3 14. Nxe6 fxe6 {0-1 (14) Moeykens,C (2059)-Repanic,F (2076) ICCF email 2010}) 6. O-O {A00: Irregular Openings.} Nc6 7. Nc3 d6 8. b3 a6 9. Bb2 Rb8 10. a4 Ne8 11. e3 Nc7 12. d4 b5 13. d5 b4 14. dxc6 $2 (14. Ne2 $15 Bxb2 15. Ra2) 14... bxc3 $19 15. Ba3 c2 ({Black should try} 15... Ne6 $19 16. Ne1 Qb6) 16. Qxc2 $17 Bxa1 17. Rxa1 e5 ({Black should play} 17... Bf5 $17 18. e4 Bg4) 18. Rd1 {[%mdl 1024] Black must now prevent Bxc5! White has compensation.} Qe7 19. Nd2 Bg4 20. f3 Bf5 21. Qc3 Rfe8 $2 (21... h5 $11) 22. g4 $1 $18 {[%cal Rg4f5]} Be6 23. Ne4 Red8 24. g5 $1 h6 $2 (24... Ne8 $16) 25. f4 (25. gxh6 f6 $14) 25... Bf5 26. Nf6+ Kf8 {If only Black now had time for ...hxg5....} 27. e4 hxg5 28. fxg5 (28. exf5 Qxf6 29. fxe5 dxe5 $11) (28. fxe5 $142 Qxe5 29. Qxe5 dxe5 30. Rxd8+ Rxd8 31. Bxc5+ Kg7 32. Nd5) 28... Be6 (28... Bc8 $142) 29. Qg3 {Strongly threatening Qh4.} Kg7 30. Rf1 $40 {[%mdl 128] White goes for the king.} (30. Qh4 Rh8 $11) 30... Rb6 31. Nd5 ({And not} 31. Qh4 Rh8 $17) 31... Bxd5 32. exd5 ({Don't play} 32. cxd5 $6 Rdb8 $14) 32... Rdb8 33. Rf3 $1 a5 (33... Rh8 $16 {keeps fighting.}) 34. h4 $1 Rh8 35. Qf2 {Bxc5! is the strong threat.} Rbb8 $2 {[#]} (35... Ne8 {was necessary.} 36. Bc1 Kg8) 36. Bxc5 $1 {[%mdl 512]} dxc5 {[#]} (36... Rhf8 $142) 37. d6 $1 {[%cal Rd6e7][%mdl 576] Double Attack} Qe8 (37... Qxd6 38. Rxf7+) 38. Qxc5 $2 (38. dxc7 Rc8 39. Rd3) 38... Na6 (38... Rxh4 {is a better defense.} 39. dxc7 Rc8) 39. Qxa5 Rxh4 {[#]} 40. c7 $2 ({Weaker is} 40. Qxa6 e4 $11) (40. Re3 $1 $18) 40... Ra8 $2 {[%mdl 8192] [#]} (40... Nxc7 $1 $11 {and Black stays safe.} 41. dxc7 Rc8) 41. Qd5 $2 (41. Rxf7+ $1 $18 {[%mdl 512]} Kxf7 (41... Qxf7 42. Qxe5+) 42. Qd5+ {[%mdl 64] Double Attack} Qe6 43. Qxa8 Nxc7 44. Qd8) 41... Nxc7 $1 $14 42. dxc7 Rc8 $1 {[%cal Rc8c7]} 43. Re3 Rxc7 {Threatening ...Re7.} 44. Qxe5+ Qxe5 45. Rxe5 $11 {[%mdl 4096] Endgame KRR-KRB} Rd4 46. Rd5 Rf4 47. a5 Re7 $1 {[%cal Re7e2] Threatens to win with ...Re2.} 48. a6 {And now Ra5 would win.The position is equal.} Re2 {aiming for ...Rg4.} 49. a7 $1 {[%cal Ra7a8]} Rg4 50. a8=Q {Threatening mate with Qa1+.} Rgxg2+ {White used his chance. Accuracy: White = 70%, Black = 56%.} 1/2-1/2

[Event "Kragero Resort A 2020"]
[Site "Kragero"]
[Date "2020.02.20"]
[Round "4.27"]
[White "Tunsjo, Axel"]
[Black "Ingebretsen, Jens E"]
[Result "0-1"]
[WhiteElo "2035"]
[BlackElo "2241"]
[Annotator "TA"]
[PlyCount "98"]
[EventDate "2020.02.19"]
[EventType "swiss"]
[EventCountry "NOR"]
[SourceTitle "playchess.com"]
[Source "ChessBase"]
[SourceQuality "1"]

{[%evp 9,110,0,-8,-11,-6,-52,0,0,0,0,-14,-35,-25,-44,-47,-68,-58,-93,-12,-100,7,-36,-47,-109,-77,-80,-60,-85,-10,-16,0,-62,0,-24,-6,-58,-29,-27,-28,-23,22,22,26,20,32,0,72,0,103,47,98,4,43,16,26,-90,137,0,0,-24,67,-125,-122,-200,-22,-25,-29,-29,-28,-42,0,0,0,-119,-118,-108,0,-120,-20,-9,-15,-46,-55,-46,0,-571,-18,-254,-245,-901,-15,-12835,-12835,-12832,-12830,-12836,-12836,-12839,-12833,-12823,-2212,-12840,-12836]} 1. e4 e6 2. Nf3 d5 3. Nc3 Nf6 4. e5 Nfd7 5. d4 Be7 6. h4 {C11: French: Classical System: 4 e5 and 4 Bg5 dxe4.} c5 7. Bg5 f6 (7... Nc6 $15) 8. exf6 $11 {The position is equal.} Nxf6 9. Bb5+ Nc6 10. Qe2 O-O 11. dxc5 Bxc5 {[#]} 12. Rd1 $146 ({Predecessor:} 12. O-O-O Qa5 13. Kb1 Ne4 14. Nxe4 dxe4 15. Bxc6 bxc6 16. Qxe4 Rb8 17. Bd2 Qb6 18. b3 {½-½ (42) Lindform,T-Edin,L Sweden 1978}) 12... Bd6 13. O-O Bd7 (13... h6 $17 14. Be3 Ng4) 14. Rfe1 (14. Na4 $11) 14... Qe8 ({Better is} 14... h6 $17 15. Bxf6 Rxf6) 15. Bxf6 (15. Ba4 {is interesting.} Qb8 16. Bxf6 Rxf6 17. Bb3 Ne7 18. Qd3) 15... Rxf6 16. Bxc6 (16. g3 $15) 16... bxc6 17. Ne5 Rb8 18. b3 Rb4 (18... Qe7 $17 19. g3 Be8) 19. g3 Bc8 20. Qd2 ({White should play} 20. f4 $11) 20... a5 (20... Bc5 $15 21. Nd3 Rd4) 21. a3 Rb8 22. a4 (22. Na4 $11) 22... Bc5 23. Nd3 Bb6 24. Kg2 $1 Qf7 25. f4 Bb7 26. Ne5 Qe8 27. Kh2 h6 (27... Bc7 $11) 28. Qe2 (28. Ne2 $16) 28... h5 (28... Bc7 $11) 29. Nf3 (29. Nb1 $16) 29... Rd8 (29... Qf7 $14) 30. Ng5 (30. Na2 $16) 30... Bc8 31. Na2 Qg6 {Threatens to win with ...e5!} 32. Nc1 {[#]} (32. Qd2 $11 {keeps the balance.}) 32... Re8 $2 (32... e5 $1 $17 {[%cal Re5f4][%mdl 512] and life is bright.} 33. Nd3 (33. Qxe5 Qxc2+) 33... Bg4) 33. Qd3 (33. Nd3 $16) 33... Rf5 {next ...e5 is good for Black.} 34. Nf3 Qf6 (34... Bc7 $1 $11) 35. Ne2 $2 (35. Qd2 $14 {stays ahead.}) 35... e5 $1 $17 {[%cal Re5e4] Hoping for ...e4.} 36. fxe5 (36. Ned4 $17 Rxf4 37. gxf4 Qxf4+ 38. Kh1 Bxd4 39. Nxd4 Qxh4+ 40. Kg1) 36... Rexe5 $2 ({Black should try} 36... Rfxe5 $19 37. Nf4 Re3) 37. Ned4 $1 $11 ({Wrong is} 37. Nxe5 $2 Rf2+ 38. Kh1 Bf5 $19) 37... Bxd4 38. Nxd4 Rf2+ 39. Kg1 {Strongly threatening Rxe5.} Rxe1+ 40. Rxe1 Bh3 $1 41. Qe3 (41. Re8+ $11 Kf7 42. Re1 {[%mdl 64] Decoy}) 41... Rf1+ $17 42. Kh2 {Qe8+ is the strong threat.} Bg4 (42... Rxe1 $1 $17 43. Qxe1 Bg4 44. Qe8+ Kh7) 43. c3 (43. Rxf1 $11 Qxf1 44. Nxc6) 43... Rf2+ (43... Rxe1 $17 44. Qxe1 c5) 44. Kg1 $132 {[%mdl 2048] White has counterplay} Rb2 45. Rf1 Qg6 {And now ...Bh3 would win.} 46. Rf2 Qb1+ 47. Kg2 $2 {[%mdl 8192] [#]} (47. Rf1 $11 {and White has nothing to worry.} Qg6 48. Rf2 Rxf2 49. Kxf2) 47... c5 $2 (47... Bh3+ $1 $19 {[%mdl 512]} 48. Kh2 (48. Kxh3 Qh1+) 48... Qe4) 48. Nc6 $2 (48. Nf3 $1 $11 Rxf2+ 49. Kxf2) 48... Rxf2+ $19 49. Qxf2 $2 (49. Kxf2 Qxb3 50. Qd3) 49... Qe4+ {Played: d5-d4} 0-1

[Event "Kragero Resort A 2020"]
[Site "Kragero"]
[Date "2020.02.20"]
[Round "4.28"]
[White "Aarnes, Eirik"]
[Black "Birkisson, Bardur Orn"]
[Result "1-0"]
[WhiteElo "1884"]
[BlackElo "2186"]
[Annotator "NA"]
[PlyCount "33"]
[EventDate "2020.02.19"]
[EventType "swiss"]
[EventCountry "NOR"]
[SourceTitle "playchess.com"]
[Source "ChessBase"]
[SourceQuality "1"]
[TimeControl "5400+30"]

1. e4 {[%emt 0:00:00]} e5 {[%emt 0:00:10]} 2. Nf3 {[%emt 0:00:00]} Nc6 {[%emt 0:00:10]} 3. Bb5 {[%emt 0:00:00]} a6 {[%emt 0:00:17]} 4. Bxc6 {[%emt 0:00:00]} dxc6 {[%emt 0:00:07]} 5. O-O {[%emt 0:00:00]} Bg4 {[%emt 0:00:29]} 6. h3 {[%emt 0:00:00]} h5 {[%emt 0:00:12]} 7. d3 {[%emt 0:00:02]} Qf6 {[%emt 0:00:11]} 8. Nbd2 {[%emt 0:00:22]} O-O-O {[%emt 0:03:15]} 9. hxg4 {[%emt 0:09:02]} hxg4 {[%emt 0:01:18]} 10. Nh2 {[%emt 0:00:05]} Nh6 {[%emt 0:05:54]} 11. g3 {[%emt 0:05:51]} Qg6 {[%emt 0:10:52]} 12. Kg2 {[%emt 0:02:54]} Qh5 {[%emt 0:12:30]} 13. Rh1 {[%emt 0:00:47]} Qh3+ {[%emt 0:00:23]} 14. Kg1 {[%emt 0:00:05]} Bc5 {[%emt 0:00:08]} 15. Ndf1 {[%emt 0:11:07]} f5 {[%emt 0:01:03]} 16. Be3 {[%emt 0:16:22]} Bxe3 {[%emt 0:06:36]} 17. Nxe3 {[%emt 0:00:20]} 1-0